Research methodology data presentation (Record no. 6517)

MARC details
000 -LEADER
fixed length control field 00912 a2200229 4500
005 - DATE AND TIME OF LATEST TRANSACTION
control field 20080829123610.0
008 - FIXED-LENGTH DATA ELEMENTS--GENERAL INFORMATION
fixed length control field 080829t xxu||||| |||| 00| 0 eng d
010 ## - LIBRARY OF CONGRESS CONTROL NUMBER
LC control number ENG-87412
020 ## - INTERNATIONAL STANDARD BOOK NUMBER
International Standard Book Number 8131302606
Terms of availability 595.00
035 ## - SYSTEM CONTROL NUMBER
System control number EN-70945
037 ## - SOURCE OF ACQUISITION
Source of stock number/acquisition D.B.Act / Pub
082 ## - DEWEY DECIMAL CLASSIFICATION NUMBER
Classification number 001.4226
100 ## - MAIN ENTRY--PERSONAL NAME
Personal name Singh, Y. K.
245 ## - TITLE STATEMENT
Title Research methodology data presentation
Statement of responsibility, etc by Y. K. Singh and R. B. Bajpai
260 ## - PUBLICATION, DISTRIBUTION, ETC. (IMPRINT)
Place of publication, distribution, etc New Delhi
Name of publisher, distributor, etc A. P. H. Publishing
Date of publication, distribution, etc 2007
270 ## - ADDRESS
Address 4435-36/7, Ansari Road, Darya Ganj
City New Delhi
Postal code 110002
Telephone number 011-23274050
Electronic mail address aphbooks@vsnl.net
300 ## - PHYSICAL DESCRIPTION
Extent x, 246 p.
Dimensions 21 cm. (Hb).
500 ## - GENERAL NOTE
General note Includes bibliographical references
700 ## - ADDED ENTRY--PERSONAL NAME
Personal name Bajpai, R. B.
942 ## - ADDED ENTRY ELEMENTS (KOHA)
Institution code [OBSOLETE] dpl
Koha item type English Books
Call number prefix 001.4226 / SIN
Source of classification or shelving scheme Dewey Decimal Classification
Classification part 001.4226
Call number suffix SIN
Holdings
Withdrawn status Lost status Damaged status Not for loan Home library Current library Date acquired Cost, normal purchase price Total Checkouts Full call number Barcode Date last seen Copy number Uniform Resource Identifier Cost, replacement price Price effective from Koha item type
        D.B.Act.Division D.B.Act.Division 29/08/2008 595.00   001.4226 SIN EN-70945 15/09/2008 1 7010 595.00 15/09/2008 English Books

© Delhi Public Library
Hit Counter
free hit counter